Softball, (Record no. 549313)

000 -LEADER
fixed length control field 00448cam a2200145u 4500
082 ## - DEWEY DECIMAL CLASSIFICATION NUMBER
Classification number 796.3578
Author Mark NOR
-- L-32, P-27
100 1# - MAIN ENTRY--PERSONAL NAME
Personal name Noren, Arthur T. [from old catalog]
9 (RLIN) 45912
245 00 - TITLE STATEMENT
Title Softball,
260 ## - PUBLICATION, DISTRIBUTION, ETC.
Place of publication, distribution, etc. New York,
Name of publisher, distributor, etc. A. S. Barnes and company
Date of publication, distribution, etc. [1947]
300 ## - PHYSICAL DESCRIPTION
Extent xvi, 114 p., 1 l.
Other physical details illus. (incl. ports.) diagrs.
Dimensions 24 cm.
526 ## - STUDY PROGRAM INFORMATION NOTE
Program name 0
Interest level 0
Reading level 0
Title point value 796_357800000000000_NOR
650 #0 - SUBJECT ADDED ENTRY--TOPICAL TERM
Topical term or geographic name entry element MCE
9 (RLIN) 379
650 #0 - SUBJECT ADDED ENTRY--TOPICAL TERM
Topical term or geographic name entry element Softball.
9 (RLIN) 45913
942 ## - ADDED ENTRY ELEMENTS (KOHA)
Source of classification or shelving scheme
Koha item type Book
Holdings
Withdrawn status Lost status Source of classification or shelving scheme Damaged status Not for loan Permanent Location Current Location Date acquired Total Checkouts Full call number Barcode Date last seen Price effective from Koha item type
          Military College of Engineering (MCE) Military College of Engineering (MCE) 09/23/2014   796.3578 NOR MCE-55 09/23/2014 09/23/2014 Book
© 2023 Central Library, National University of Sciences and Technology. All Rights Reserved.